书目信息 |
| 题名: |
汽车保险与理赔实务
|
|
| 作者: | 董恩国 , 张蕾 主编 | |
| 分册: | ||
| 出版信息: | 北京 机械工业出版社 2007.04 |
|
| 页数: | 264页 | |
| 开本: | 24cm | |
| 丛书名: | ||
| 单 册: | ||
| 中图分类: | F840.63 | |
| 科图分类: | ||
| 主题词: | 汽车保险--qi che bao xian--基本知识 , 汽车保险--qi che bao xian--理赔--基本知识 | |
| 电子资源: | ||
| ISBN: | 978-7-111-21171-6 | |
| 000 | 01146nam0 2200265 450 | |
| 001 | 012007300773 | |
| 005 | 20071130173540.18 | |
| 010 | @a978-7-111-21171-6@dCNY25.00 | |
| 100 | @a20071130d2007 km y0chi0120 ea | |
| 101 | 0 | @achi |
| 102 | @aCN@b110000 | |
| 105 | @aa a 000yy | |
| 106 | @ar | |
| 200 | 1 | @a汽车保险与理赔实务@Aqi che bao xian yu li pei shi wu@f董恩国, 张蕾主编@Fdong en guo,zhang lei zhu bian |
| 210 | @a北京@c机械工业出版社@d2007.04 | |
| 215 | @a264页@c图@d24cm | |
| 320 | @a有书目。 | |
| 330 | @a本书从汽车保险概述出发,对我国现行的主要汽车保险种类、汽车保险原则、汽车保险条款进行了详述;对汽车承保、理赔等有关保险实务给予了介绍,同时专门对现场查勘的程序与方法、事故车辆的损伤评定、消费贷款与分期付款的汽车保险制度、汽车保险与理赔的智能化发展进行了介绍,并有针对性地选择典型案例进行分析,以培养读者综合运用专业知识解决实际问题的能力。 | |
| 606 | 0 | @a汽车保险@Aqi che bao xian@x基本知识 |
| 606 | 0 | @a汽车保险@Aqi che bao xian@x理赔@x基本知识 |
| 690 | @aF840.63@v4 | |
| 701 | 0 | @a董恩国@Adong en guo@4主编 |
| 701 | 0 | @a张蕾@Azhang lei@4主编 |
| 801 | 0 | @aCN@bQSSK@c20071130 |
| 905 | @b268461-63@dF840.63@eD691@f3 | |
| 汽车保险与理赔实务/董恩国, 张蕾主编.-北京:机械工业出版社,2007.04 |
| 264页:图;24cm |
| ISBN 978-7-111-21171-6:CNY25.00 |
| 本书从汽车保险概述出发,对我国现行的主要汽车保险种类、汽车保险原则、汽车保险条款进行了详述;对汽车承保、理赔等有关保险实务给予了介绍,同时专门对现场查勘的程序与方法、事故车辆的损伤评定、消费贷款与分期付款的汽车保险制度、汽车保险与理赔的智能化发展进行了介绍,并有针对性地选择典型案例进行分析,以培养读者综合运用专业知识解决实际问题的能力。 |
| ● |
| 相关链接 |
|
|
|
正题名:汽车保险与理赔实务
索取号:F840.63/D691
 
预约/预借
| 序号 | 登录号 | 条形码 | 馆藏地/架位号 | 状态 | 备注 |
| 1 | 268461 | 202684611 | 社科库409/409社科库 55排3列1层/ [索取号:F840.63/D691] | 在馆 | |
| 2 | 268462 | 202684620 | 社科库409/409社科库 55排3列1层/ [索取号:F840.63/D691] | 在馆 | |
| 3 | 268463 | 202684639 | 社科库409/409社科库 55排3列1层/ [索取号:F840.63/D691] | 在馆 |